| 000 | 00625nam a2200229Ia 4500 | ||
|---|---|---|---|
| 001 | 18229 | ||
| 003 | GE_BSU | ||
| 008 | 181216s||||||||xx |||||||||||||| ||und|| | ||
| 020 | _a9783126065153 | ||
| 040 | _cGE_BSU | ||
| 080 | _a811.112 | ||
| 100 | _aHermann Funk , M. Koenig | ||
| 245 | _aGrammatik Lehren Und Lernen:Fernstudieneinheit 1 | ||
| 260 | _aBerlin | ||
| 260 | _blangenscheidt | ||
| 260 | _c1991 | ||
| 300 | _a160 pages,27cm | ||
| 541 | _h84gel. | ||
| 653 | _aGrammatik Lehren Und Lernen:Fernstudieneinheit 1 | ||
| 653 | _aგერმანული ენა (გრამატიკა) | ||
| 942 | _cBK | ||
| 999 |
_c51267 _d51267 |
||